[Event "Porto Alegre op"]
[Site "Porto Alegre"]
[Date "2023.05.07"]
[Round "5"]
[White "Guimaraes, Victor Carib Crosla"]
[Black "Santos, Ederson Silveira"]
[Result "1-0"]
[WhiteElo "1779"]
[BlackElo "1800"]
[PlyCount "99"]
[EventDate "2023.05.05"]
[EventType "swiss"]
[EventRounds "7"]
[EventCountry "BRA"]
[SourceTitle "CBM 214 Extra"]
[Source "ChessBase"]
[SourceDate "2023.07.31"]
[SourceVersion "1"]
[SourceVersionDate "2023.07.31"]
[SourceQuality "1"]

1. d4 d5 2. Bf4 e6 3. e3 Bd6 4. Bg3 Nf6 5. Nf3 c5 6. c3 Ne4 7. Nbd2 Nxg3 8. hxg3 Nc6 9. Bd3 h6 10. Bc2 Bd7 11. dxc5 Bxc5 12. Nb3 Bb6 13. Qd3 Qf6 14. 0-0-0 0-0-0 15. Qe2 Ne5 16. Nxe5 Qxe5 17. Rd2 Ba4 18. Nd4 Bxc2 19. Nxc2 g5 20. Nd4 Bxd4 21. Rxd4 Kb8 22. f4 Qc7 23. Qd3 f5 24. Rd1 Rc8 25. Kb1 a6 26. Rb4 Ka8 27. Qd4 g4 28. Rb6 Rhe8 29. Qb4 Qe7 30. Rh1 Qxb4 31. cxb4 Rc6 32. Rxc6 bxc6 33. Rxh6 Re7 34. Kc2 Kb7 35. Kd3 Kc7 36. Kd4 Kd6 37. Rh8 Ra7 38. Rd8+ Kc7 39. Rh8 Kd6 40. a4 a5 41. bxa5 Rxa5 42. b3 c5+ 43. Kc3 Kc7 44. Re8 Kd7 45. Rb8 Ra6 46. Rb5 Kc6 47. b4 Rxa4 48. Rxc5+ Kd6 49. Ra5 Rxa5 50. bxa5 1-0

[Event "Porto Alegre op"]
[Site "Porto Alegre"]
[Date "2023.05.07"]
[Round "6"]
[White "Santos, Ederson Silveira"]
[Black "De Oliveira, Luis Arthur Aveline"]
[Result "1-0"]
[WhiteElo "1800"]
[BlackElo "1593"]
[PlyCount "49"]
[EventDate "2023.05.05"]
[EventType "swiss"]
[EventRounds "7"]
[EventCountry "BRA"]
[SourceTitle "CBM 214 Extra"]
[Source "ChessBase"]
[SourceDate "2023.07.31"]
[SourceVersion "1"]
[SourceVersionDate "2023.07.31"]
[SourceQuality "1"]

1. d4 d5 2. Nf3 e6 3. e3 c5 4. c3 Nc6 5. Bd3 Nf6 6. Nbd2 Be7 7. 0-0 0-0 8. dxc5 Bxc5 9. b4 Bd6 10. Bb2 Bd7 11. a3 Ne5 12. Nxe5 Bxe5 13. Nf3 Qc7 14. Nxe5 Qxe5 15. Qe2 Qh5 16. c4 Qxe2 17. Bxe2 dxc4 18. Bxc4 Rac8 19. Bb3 Rfd8 20. Rfd1 Ne4 21. f3 Nc3 22. Rd3 Nb5 23. Rad1 Kf8 24. Rxd7 Rxd7 25. Rxd7 1-0

[Event "Santa Maria op 3rd"]
[Site "Santa Maria de Jetiba"]
[Date "2023.04.22"]
[Round "4"]
[White "Santos, Ederson Silveira"]
[Black "Nagel, Yasmin Da Silva"]
[Result "1-0"]
[WhiteElo "1800"]
[BlackElo "1502"]
[PlyCount "51"]
[EventDate "2023.04.21"]
[EventType "swiss"]
[EventRounds "7"]
[EventCountry "BRA"]
[SourceTitle "EXT 2024"]
[Source "ChessBase"]
[SourceDate "2023.10.10"]
[SourceVersion "1"]
[SourceVersionDate "2023.10.10"]
[SourceQuality "1"]

1. d4 Nf6 2. Nf3 g6 3. c3 Bg7 4. Qc2 0-0 5. e4 d6 6. Bf4 Nbd7 7. h3 c6 8. Nbd2 Qc7 9. Bh2 e5 10. dxe5 Nxe5 11. Nxe5 dxe5 12. Bc4 b5 13. Be2 Bb7 14. 0-0 a6 15. c4 Bh6 16. Nf3 Rfe8 17. cxb5 c5 18. bxa6 Bxe4 19. Qb3 Nd5 20. Qc4 f5 21. Rfd1 Qd6 22. Nd2 Rad8 23. Nxe4 fxe4 24. Qxe4 Kh8 25. Bf3 Qxa6 26. Rxd5 1-0